Applications of computer science and technology in different fields / (Record no. 26261)
[ view plain ]
| 000 -LEADER | |
|---|---|
| fixed length control field | 01545nam a2200253 i 4500 |
| 003 - CONTROL NUMBER IDENTIFIER | |
| control field | CSPC |
| 005 - DATE AND TIME OF LATEST TRANSACTION | |
| control field | 20241217082237.0 |
| 008 - FIXED-LENGTH DATA ELEMENTS--GENERAL INFORMATION | |
| fixed length control field | 231016s2021 onca b 001 0 eng d |
| 020 ## - INTERNATIONAL STANDARD BOOK NUMBER | |
| International Standard Book Number | 9781774077436 |
| Qualifying information | (hardcover) |
| 040 ## - CATALOGING SOURCE | |
| Transcribing agency | CSPC |
| Original cataloging agency | CSPC |
| Language of cataloging | eng |
| Description conventions | rda |
| 082 04 - DEWEY DECIMAL CLASSIFICATION NUMBER | |
| Classification number | 004 |
| Item number | Ap584 |
| 245 00 - TITLE STATEMENT | |
| Title | Applications of computer science and technology in different fields / |
| Statement of responsibility, etc. | edited by Adele Kuzmiakova. |
| 264 #1 - PRODUCTION, PUBLICATION, DISTRIBUTION, MANUFACTURE, AND COPYRIGHT NOTICE | |
| Place of production, publication, distribution, manufacture | Burlington, Ontario : |
| Name of producer, publisher, distributor, manufacturer | Arcler Press, |
| Date of production, publication, distribution, manufacture, or copyright notice | 2021. |
| 300 ## - PHYSICAL DESCRIPTION | |
| Extent | xx, 274 pages : |
| Other physical details | illustrations (some color) ; |
| Dimensions | 24 cm. |
| 336 ## - CONTENT TYPE | |
| Source | rdacontent |
| Content type term | text |
| 337 ## - MEDIA TYPE | |
| Source | rdamedia |
| Media type term | unmediated |
| 338 ## - CARRIER TYPE | |
| Source | rdacarrier |
| Carrier type term | volume |
| 504 ## - BIBLIOGRAPHY, ETC. NOTE | |
| Bibliography, etc. note | Includes bibliographical references and index. |
| 505 0# - FORMATTED CONTENTS NOTE | |
| Formatted contents note | Human-computer interaction -- How computer science and technology have revolutionized the medical sector -- Applications of computer science in business -- Where computer science and linguistics meet -- How has astronomical field benefited from computer science and technology -- Computer science and robotic technology -- Applications of computer science and technology in agriculture -- How computer science and technology changed the sport sector -- Has the transportation sector benefited from computer science and technology -- How has computer science and technology changed the environment. |
| 650 #0 - SUBJECT ADDED ENTRY--TOPICAL TERM | |
| Topical term or geographic name entry element | Computer science. |
| 700 1# - ADDED ENTRY--PERSONAL NAME | |
| Personal name | Kuzmiakova, Adele, |
| Relator term | editor. |
| 942 ## - ADDED ENTRY ELEMENTS (KOHA) | |
| Source of classification or shelving scheme | Dewey Decimal Classification |
| Koha item type | Books |
| Classification part | 004 |
| Item part | Ap584 |
| Call number prefix | CIR |
| Call number suffix | 2021 |
| Suppress in OPAC | No |
| Withdrawn status | Lost status | Source of classification or shelving scheme | Damaged status | Not for loan | Home library | Current library | Shelving location | Date acquired | Total Checkouts | Full call number | Barcode | Date last seen | Copy number | Price effective from | Koha item type |
|---|---|---|---|---|---|---|---|---|---|---|---|---|---|---|---|
| Dewey Decimal Classification | Main Library | Main Library | Circulation Section | 10/16/2023 | CIR 004 Ap584 2021 | 026203 | 10/16/2023 | 1-3 | 10/16/2023 | Books | |||||
| Dewey Decimal Classification | Main Library | Main Library | Circulation Section | 08/12/2024 | CIR 004 Ap584 2021 | 028077 | 08/12/2024 | 2-3 | 08/12/2024 | Books | |||||
| Dewey Decimal Classification | Main Library | Main Library | Circulation Section | 12/16/2024 | CIR 004 Ap584 2021 | 028596 | 12/16/2024 | 3-3 | 12/16/2024 | Books |